[Event "XXIII Miedzynarodowy Festiwal Szachowy C"]
[Site "Krakow, Hotel Galaxy  ul. Gesi"]
[Date "2013.01.04"]
[Round "9.1"]
[White "Stankiewicz, Pawel"]
[Black "Zajac, Mateusz"]
[Result "1/2-1/2"]
[WhiteElo "2085"]
[BlackElo "1997"]
[PlyCount "228"]
[EventDate "2013.??.??"]

1. Nf3 Nf6 2. g3 d5 3. Bg2 c6 4. O-O Bf5 5. b3 e6 6. Bb2 h6 7. d3 Bc5 8. c4
Nbd7 9. Nbd2 O-O 10. Rc1 Qe7 11. cxd5 exd5 12. h3 Ba3 13. Bxa3 Qxa3 14. Nd4 Bg6
15. Qc2 Rfe8 16. Rfe1 a5 17. Qc3 Qb4 18. a4 Qb6 19. N2f3 Re7 20. Nh4 Bh7 21.
Nhf5 Re5 22. e4 dxe4 23. dxe4 Rc5 24. Qe3 Rxc1 25. Rxc1 Bxf5 26. Nxf5 Qxe3 27.
Nxe3 Re8 28. f3 Re5 29. Nc4 Rc5 30. Ra1 Kf8 31. f4 b5 32. Nxa5 Nh5 33. Bf3 g6
34. Bxh5 gxh5 35. axb5 Rxb5 36. e5 Nc5 37. Ra3 Kg7 38. Kf2 Kg6 39. Nxc6 Nxb3
40. f5+ Kg7 41. e6 Rxf5+ 42. Kg2 fxe6 43. Rxb3 Rc5 44. Nd4 Kf6 45. h4 Rd5 46.
Ne2 e5 47. Rb6+ Kg7 48. Re6 Ra5 49. Kf3 Ra3+ 50. Ke4 Ra2 51. Kd3 Ra5 52. Nc3
Rc5 53. Rd6 Rc8 54. Nd5 Ra8 55. Rc6 Ra4 56. Rc4 Ra3+ 57. Nc3 Ra1 58. Rc5 Kf6
59. Rc6+ Kg7 60. Re6 Ra5 61. Ke4 Ra3 62. Rc6 Ra5 63. Kf5 Ra7 64. Kxe5 Ra3 65.
Ne4 Ra5+ 66. Rc5 Ra1 67. Rc7+ Kg6 68. Rc6+ Kg7 69. Nf6 Re1+ 70. Kd5 Rd1+ 71.
Ke6 Re1+ 72. Kd7 Re5 73. Rd6 Ra5 74. Ne8+ Kh7 75. Ke7 Rf5 76. Rf6 Ra5 77. Rf7+
Kh8 78. Nd6 Ra3 79. Nf5 Ra7+ 80. Ke6 Ra6+ 81. Nd6 Ra3 82. Ne4 Ra6+ 83. Kf5 Kg8
84. Nd6 Rxd6 85. Re7 Rd3 86. Kf4 Rd4+ 87. Ke3 Ra4 88. Re5 Kg7 89. Rxh5 Kg6 90.
Rd5 Ra6 91. g4 Ra3+ 92. Ke4 Ra4+ 93. Rd4 Ra1 94. Rd6+ Kg7 95. Rd7+ Kf6 96. Rd6+
Kg7 97. h5 Ra4+ 98. Rd4 Ra7 99. Rd5 Ra4+ 100. Kf5 Ra7 101. Ke6 Ra4 102. Rd7+
Kg8 103. Kf5 Ra5+ 104. Ke4 Ra6 105. Re7 Kf8 106. Rd7 Kg8 107. Ke5 Ra4 108. Rd4
Ra5+ 109. Rd5 Ra4 110. Kf5 Ra6 111. Rc5 Rb6 112. Rc8+ Kg7 113. Rc7+ Kg8 114.
Re7 Rb4 1/2-1/2

[Event "XXIII Miedzynarodowy Festiwal Szachowy C"]
[Site "Krakow, Hotel Galaxy  ul. Gesi"]
[Date "2013.01.04"]
[Round "9.2"]
[White "Puczylowski, Marcin"]
[Black "Reza, Wojciech"]
[Result "0-1"]
[WhiteElo "1991"]
[BlackElo "2079"]
[PlyCount "99"]
[EventDate "2013.??.??"]

1. e4 e5 2. Nf3 d6 3. Bc4 Be7 4. d3 Nf6 5. Nbd2 c6 6. Bb3 O-O 7. O-O Nbd7 8.
Re1 Nc5 9. Nf1 a5 10. c3 Nxb3 11. axb3 Re8 12. b4 Bg4 13. bxa5 Rxa5 14. Rxa5
Qxa5 15. h3 Bxf3 16. Qxf3 Bf8 17. Ng3 Re6 18. Qe2 g6 19. c4 h6 20. Bd2 Qc7 21.
Ra1 Kh7 22. Be3 Bg7 23. Qc2 Re8 24. Ra7 Nd7 25. Ne2 Bf6 26. f3 Rb8 27. Nc3 Bd8
28. b4 Qc8 29. c5 dxc5 30. bxc5 Be7 31. Na4 Ra8 32. Nb6 Nxb6 33. cxb6 Rb8 34.
Qc4 Qe8 35. Kf2 Kg7 36. d4 Bg5 37. Bxg5 hxg5 38. d5 Qd8 39. Qc5 cxd5 40. exd5
Rc8 41. Qb5 Rc2+ 42. Kg1 Qf6 43. Ra1 e4 44. Rf1 Qd4+ 45. Kh2 Qe5+ 46. Kh1 Qg3
47. Rg1 exf3 48. Qf1 Rf2 49. Qa1+ f6 50. Qxf6+ 0-1

[Event "XXIII Miedzynarodowy Festiwal Szachowy C"]
[Site "Krakow, Hotel Galaxy  ul. Gesi"]
[Date "2013.01.04"]
[Round "9.3"]
[White "Klimentov, Evgeny"]
[Black "Suliborski, Jakub"]
[Result "1/2-1/2"]
[WhiteElo "1896"]
[BlackElo "1979"]
[PlyCount "111"]
[EventDate "2013.??.??"]

1. e4 c5 2. Nf3 d6 3. d4 cxd4 4. Nxd4 Nf6 5. Nc3 a6 6. Bc4 e6 7. Bb3 Be7 8. O-O
O-O 9. a4 Qc7 10. Be3 Nc6 11. f4 Rd8 12. f5 e5 13. Nf3 Na5 14. Bd5 Nc4 15. Qe2
Nb6 16. a5 Nbxd5 17. Nxd5 Nxd5 18. exd5 Bxf5 19. Bb6 Qxc2 20. Qxc2 Bxc2 21.
Bxd8 Bxd8 22. b4 Kf8 23. Ra2 Be4 24. Rd1 Rc8 25. Re2 Bf5 26. Kf2 Rc4 27. Rb2
Bd7 28. Rdd2 e4 29. Rd4 Bb5 30. Rxc4 Bxc4 31. Nd4 Bf6 32. Ke3 Bxd5 33. Rc2 Bg5+
34. Ke2 g6 35. b5 Bd8 36. b6 Ke8 37. Rc3 f5 38. g3 Kd7 39. h4 Bc6 40. Nxc6 bxc6
41. Ke3 c5 42. Rb3 Kc8 43. Kf4 h5 44. Ke3 Bf6 45. b7+ Kb8 46. Rb6 Be5 47. Kf2
c4 48. Ke3 Bxg3 49. Rc6 Kxb7 50. Rxc4 Bxh4 51. Rb4+ Ka7 52. Kd4 Be1 53. Rb3
Bxa5 54. Kd5 Bd2 55. Kxd6 a5 56. Kc6 1/2-1/2

[Event "XXIII Miedzynarodowy Festiwal Szachowy C"]
[Site "Krakow, Hotel Galaxy  ul. Gesi"]
[Date "2013.01.04"]
[Round "9.4"]
[White "Dadello, Aleksandra"]
[Black "Kasperek, Joanna"]
[Result "0-1"]
[WhiteElo "1883"]
[BlackElo "2032"]
[PlyCount "78"]
[EventDate "2013.??.??"]

1. e4 d6 2. d4 Nf6 3. Nc3 g6 4. f4 Bg7 5. Nf3 O-O 6. Be3 Ng4 7. Bg1 c5 8. h3
Nf6 9. Qd2 Nh5 10. O-O-O Ng3 11. Rh2 Nxf1 12. Rxf1 Qa5 13. Kb1 Nc6 14. g4 b5
15. d5 Nb4 16. e5 Bb7 17. a3 Na6 18. Ne4 Qa4 19. Re2 b4 20. f5 dxe5 21. Nxc5
Nxc5 22. Bxc5 bxa3 23. b3 a2+ 24. Ka1 e4+ 25. Nd4 Qb5 26. f6 Bxf6 27. b4 Qc4
28. Rxf6 exf6 29. Bxf8 Rxf8 30. Rxe4 Qxd5 31. Re7 Rd8 32. c3 Ba6 33. Qxa2 Bc4
34. Qf2 a5 35. Qxf6 axb4 36. Qc6 Qa5+ 37. Kb1 Qa2+ 38. Kc1 Qa1+ 39. Kd2 Qxc3+
0-1

[Event "XXIII Miedzynarodowy Festiwal Szachowy C"]
[Site "Krakow, Hotel Galaxy  ul. Gesi"]
[Date "2013.01.04"]
[Round "9.5"]
[White "Kyc, Jerzy"]
[Black "Kowalski, Piotr"]
[Result "1-0"]
[WhiteElo "1782"]
[BlackElo "2096"]
[PlyCount "79"]
[EventDate "2013.??.??"]

1. e4 c5 2. Nf3 d6 3. d4 cxd4 4. Nxd4 Nf6 5. Nc3 g6 6. Be3 Bg7 7. f3 O-O 8. Qd2
Nc6 9. O-O-O d5 10. exd5 Nxd5 11. Nxc6 bxc6 12. Bd4 e5 13. Bc5 Be6 14. Ne4 Re8
15. g4 h6 16. h4 Qc7 17. h5 g5 18. Bd3 Nf4 19. a3 Red8 20. Qe3 Qb7 21. Bb4 a5
22. Bc3 Rd4 23. Nc5 Qe7 24. Nxe6 Nxe6 25. Bxd4 exd4 26. Qe4 Qb7 27. Rhe1 a4 28.
Qh7+ Kf8 29. Qf5 Nf4 30. Qc5+ Kg8 31. Re7 Nxd3+ 32. cxd3 Qb8 33. Qxc6 Qf4+ 34.
Kb1 Rb8 35. Re8+ Rxe8 36. Qxe8+ Bf8 37. Qe4 Qb8 38. Re1 Qb3 39. Qxd4 Bxa3 40.
Qc3 1-0

[Event "XXIII Miedzynarodowy Festiwal Szachowy C"]
[Site "Krakow, Hotel Galaxy  ul. Gesi"]
[Date "2013.01.04"]
[Round "9.6"]
[White "Gumularz, Szymon"]
[Black "Kalinina, Marianna"]
[Result "1/2-1/2"]
[WhiteElo "1762"]
[BlackElo "2051"]
[PlyCount "88"]
[EventDate "2013.??.??"]

1. e4 c5 2. Nf3 e6 3. d4 cxd4 4. Nxd4 a6 5. Bd3 Bc5 6. Nb3 Be7 7. Qg4 g6 8. Qe2
d6 9. Nc3 Qc7 10. O-O Nd7 11. a4 b6 12. Be3 Bb7 13. f4 Ngf6 14. h3 O-O 15. Qf2
d5 16. exd5 Nxd5 17. Nxd5 Bxd5 18. c4 Bc6 19. a5 b5 20. cxb5 Bxb5 21. Bxb5 axb5
22. a6 Qc4 23. Nd4 Bf6 24. Rfc1 Qd5 25. Ra5 Rfb8 26. a7 Rb7 27. Kh1 Bd8 28. Nc6
Bf6 29. Qc2 Kg7 30. Nb4 Qc4 31. Qxc4 bxc4 32. Rxc4 Bxb2 33. Na6 Rbxa7 34. Bxa7
Rxa7 35. Rc7 Rxc7 36. Nxc7 Kf6 37. g4 h6 38. Kg2 g5 39. f5 exf5 40. Nd5+ Ke6
41. gxf5+ Kxf5 42. Nb6+ Ne5 43. Nc4 Bc3 44. Rb5 f6 1/2-1/2

[Event "XXIII Miedzynarodowy Festiwal Szachowy C"]
[Site "Krakow, Hotel Galaxy  ul. Gesi"]
[Date "2013.01.04"]
[Round "9.7"]
[White "Francuzov, Alexander"]
[Black "Matysiak, Samuel"]
[Result "1-0"]
[WhiteElo "2019"]
[BlackElo "1811"]
[PlyCount "51"]
[EventDate "2013.??.??"]

1. e4 e6 2. d4 d5 3. exd5 exd5 4. c4 Nf6 5. Nc3 Be6 6. Bg5 Be7 7. Qb3 Nc6 8.
Nf3 O-O 9. Bxf6 Bxf6 10. cxd5 Nxd4 11. Nxd4 Bxd4 12. dxe6 Bxf2+ 13. Kxf2 Qd4+
14. Ke1 fxe6 15. Qc2 Qe3+ 16. Qe2 Qc5 17. g4 Rf4 18. Bg2 Raf8 19. Rf1 e5 20.
Rd1 c6 21. Rd3 Qb4 22. Rxf4 Qxf4 23. Rf3 Qc1+ 24. Qd1 Qxb2 25. Qb3+ Qxb3 26.
axb3 1-0

[Event "XXIII Miedzynarodowy Festiwal Szachowy C"]
[Site "Krakow, Hotel Galaxy  ul. Gesi"]
[Date "2013.01.04"]
[Round "9.8"]
[White "Gawronski, Lukasz"]
[Black "Jajte-pachota, Maciej"]
[Result "1-0"]
[WhiteElo "2069"]
[BlackElo "1835"]
[PlyCount "43"]
[EventDate "2013.??.??"]

1. d4 Nf6 2. Bg5 c5 3. Nc3 cxd4 4. Qxd4 Nc6 5. Qh4 d6 6. e4 Qa5 7. Nf3 h6 8.
Bd2 Be6 9. Nd5 Qd8 10. Bc4 a6 11. O-O Nd7 12. a4 Nde5 13. Nxe5 Nxe5 14. Bb3 g5
15. Qg3 Bg7 16. f4 Ng4 17. Bc3 gxf4 18. Nxf4 Qb6+ 19. Kh1 Qe3 20. Bxg7 Rg8 21.
Nxe6 fxe6 22. Qxg4 1-0

[Event "XXIII Miedzynarodowy Festiwal Szachowy C"]
[Site "Krakow, Hotel Galaxy  ul. Gesi"]
[Date "2013.01.04"]
[Round "9.9"]
[White "Muhtarov, Leonid"]
[Black "Parol, Pawel"]
[Result "0-1"]
[WhiteElo "2097"]
[BlackElo "1984"]
[PlyCount "80"]
[EventDate "2013.??.??"]

1. Nf3 e6 2. g3 b6 3. Bg2 Bb7 4. O-O f5 5. c4 Nf6 6. Nc3 Be7 7. d3 O-O 8. e4
fxe4 9. Ng5 Qc8 10. Ncxe4 Nxe4 11. Nxe4 Nc6 12. d4 e5 13. dxe5 Nxe5 14. b3 Re8
15. Bb2 Bf8 16. Re1 Bc6 17. Qh5 Nd3 18. Ng5 h6 19. Qf7+ Kh8 20. Qg6 hxg5 21.
Qxd3 Bxg2 22. Kxg2 Qb7+ 23. Kg1 Qc6 24. Qf5 Qh6 25. Qxd7 Red8 26. Qg4 Bc5 27.
Re6 Bxf2+ 28. Kg2 Qh7 29. Qxg5 Bd4 30. Rd1 c5 31. Rg6 Re8 32. Rd2 Re5 33. Qg4
Rae8 34. Bxd4 cxd4 35. Rg5 Rxg5 36. Qxg5 Qe4+ 37. Kh3 Re6 38. Qd8+ Kh7 39. Rxd4
Rh6+ 40. Qh4 Rxh4+ 0-1

[Event "XXIII Miedzynarodowy Festiwal Szachowy C"]
[Site "Krakow, Hotel Galaxy  ul. Gesi"]
[Date "2013.01.04"]
[Round "9.10"]
[White "Kardys, Zbigniew"]
[Black "Kudas, Damian"]
[Result "1/2-1/2"]
[WhiteElo "1978"]
[BlackElo "2083"]
[PlyCount "95"]
[EventDate "2013.??.??"]

1. e4 c5 2. Nf3 d6 3. d4 cxd4 4. Qxd4 Nc6 5. Bb5 Bd7 6. Bxc6 Bxc6 7. Bg5 Nf6 8.
Nc3 e6 9. O-O-O Be7 10. Rhe1 O-O 11. e5 dxe5 12. Qh4 Qc7 13. Nxe5 h6 14. Bxh6
gxh6 15. Qxh6 Nh7 16. f4 Bf6 17. Re3 Bxe5 18. fxe5 Kh8 19. Rh3 f5 20. exf6 Rf7
21. Ne2 Be4 22. Nd4 e5 23. Qh4 Bg6 24. Rc3 Qb6 25. Nf3 Qxf6 26. Qxf6+ Rxf6 27.
Nxe5 Be4 28. Rd4 Bxg2 29. Rg3 Bc6 30. Nxc6 bxc6 31. Rd7 Rh6 32. h3 a5 33. Rc7
Rg8 34. Rd3 Ng5 35. h4 Ne4 36. b3 c5 37. Ra7 Rxh4 38. Rxa5 Rb8 39. Ra4 Rh1+ 40.
Kb2 Re1 41. Rd7 Nf6 42. Rc7 Re5 43. Raa7 Rd5 44. a4 Ne8 45. Rc6 Kg8 46. Ra5 Kf8
47. Raxc5 Rxc5 48. Rxc5 1/2-1/2

[Event "XXIII Miedzynarodowy Festiwal Szachowy C"]
[Site "Krakow, Hotel Galaxy  ul. Gesi"]
[Date "2013.01.04"]
[Round "9.11"]
[White "Grochulski, Grzegorz"]
[Black "Mielczarek, Daniel"]
[Result "1/2-1/2"]
[WhiteElo "2067"]
[BlackElo "1975"]
[PlyCount "49"]
[EventDate "2013.??.??"]

1. e4 c6 2. d4 d5 3. e5 Bf5 4. h4 h6 5. g4 Bd7 6. Bd3 e6 7. f4 c5 8. c3 Nc6 9.
dxc5 Bxc5 10. Nf3 h5 11. g5 g6 12. Nbd2 Nge7 13. Nb3 Bb6 14. Qe2 a6 15. Be3 Na7
16. a4 O-O 17. O-O Rc8 18. Kg2 Nac6 19. Qf2 Bxe3 20. Qxe3 Na5 21. Nbd4 Qb6 22.
Qe2 Nec6 23. Rfe1 Nxd4 24. Nxd4 Nc6 25. Nf3 1/2-1/2

[Event "XXIII Miedzynarodowy Festiwal Szachowy C"]
[Site "Krakow, Hotel Galaxy  ul. Gesi"]
[Date "2013.01.04"]
[Round "9.12"]
[White "Horoschavina, Oksana"]
[Black "Kuspak, Aleksander"]
[Result "1-0"]
[WhiteElo "2063"]
[BlackElo "1918"]
[PlyCount "81"]
[EventDate "2013.??.??"]

1. e4 c5 2. Nf3 e6 3. d3 g6 4. g3 Bg7 5. Bg2 d6 6. O-O Qb6 7. Nc3 Nc6 8. Rb1
Bxc3 9. Be3 Bd4 10. Nxd4 cxd4 11. Bg5 h6 12. Bd2 Bd7 13. b4 Qb5 14. c4 Qb6 15.
b5 Nce7 16. f4 Qc7 17. Qe2 e5 18. fxe5 dxe5 19. Bb4 a5 20. Ba3 Be6 21. b6 Qd7
22. Rb5 Nc6 23. Rd5 Qc8 24. Bd6 f6 25. Bc7 Rh7 26. Rd6 Re7 27. Bf3 Rf7 28. Rb1
Kf8 29. Rxc6 Qe8 30. Rd6 Rd7 31. Bg4 Rxd6 32. Bxd6+ Kf7 33. Bxe6+ Qxe6 34. c5
Ne7 35. Qd2 g5 36. Bxe7 Kxe7 37. a4 f5 38. exf5 Qxf5 39. Rf1 Qe6 40. Qg2 Rb8
41. Qe4 1-0

[Event "XXIII Miedzynarodowy Festiwal Szachowy C"]
[Site "Krakow, Hotel Galaxy  ul. Gesi"]
[Date "2013.01.04"]
[Round "9.13"]
[White "Gora, Jan"]
[Black "Pastuszko, Kinga"]
[Result "1-0"]
[WhiteElo "2000"]
[BlackElo "1916"]
[PlyCount "89"]
[EventDate "2013.??.??"]

1. Nf3 c5 2. e4 d6 3. d4 cxd4 4. Qxd4 Nc6 5. Bb5 Bd7 6. Bxc6 Bxc6 7. Nc3 Nf6 8.
Bg5 e6 9. O-O-O Be7 10. Qd3 O-O 11. Nd4 a6 12. f4 Qc7 13. g4 b5 14. Bxf6 Bxf6
15. Nxc6 Qxc6 16. Qxd6 Qc4 17. Qd3 Qb4 18. a3 Qa5 19. e5 Be7 20. Ne4 Rac8 21.
Nd6 Rc6 22. Rd2 b4 23. Qb3 Rb8 24. Rhd1 Qc7 25. a4 Rc3 26. bxc3 bxc3 27. Rd4
Rxb3 28. cxb3 h6 29. Rc4 Qb6 30. Rxc3 Qf2 31. Rc4 Qxh2 32. Rd2 Qg1+ 33. Kc2
Qxg4 34. Rc7 Bd8 35. Rc8 Qh4 36. Nc4 Qxf4 37. Rcxd8+ Kh7 38. R8d4 Qf5+ 39. Kb2
g5 40. b4 g4 41. Ne3 Qxe5 42. Nxg4 Qg7 43. Kc3 e5 44. Re4 f6 45. Rd7 1-0

[Event "XXIII Miedzynarodowy Festiwal Szachowy C"]
[Site "Krakow, Hotel Galaxy  ul. Gesi"]
[Date "2013.01.04"]
[Round "9.14"]
[White "Kawula, Andrzej"]
[Black "Valkovoj, Alexandr"]
[Result "0-1"]
[WhiteElo "1996"]
[BlackElo "1855"]
[PlyCount "90"]
[EventDate "2013.??.??"]

1. c4 c6 2. d4 d5 3. e3 Nf6 4. Nc3 Bf5 5. Nf3 e6 6. Bd3 Bxd3 7. Qxd3 Bd6 8. O-O
O-O 9. b3 Nbd7 10. e4 dxe4 11. Nxe4 Nxe4 12. Qxe4 Nf6 13. Qh4 Be7 14. Bg5 h6
15. Bd2 c5 16. dxc5 Bxc5 17. Rad1 Qe7 18. Bc3 Rfd8 19. Bxf6 Qxf6 20. Qxf6 gxf6
21. h3 a5 22. Rb1 f5 23. Rfc1 f6 24. Kf1 Rd7 25. Rc2 Rad8 26. Ke2 Kf7 27. Rbb2
Bb4 28. Rb1 e5 29. a3 Bxa3 30. Rd2 Rxd2+ 31. Nxd2 Bb4 32. Nf1 Bc5 33. Rb2 Ke6
34. Nd2 Bb4 35. Nf1 f4 36. f3 h5 37. Rc2 f5 38. g4 hxg4 39. hxg4 fxg4 40. fxg4
e4 41. c5 Rc8 42. Rc4 Kd5 43. Nd2 Bxd2 44. Kxd2 Rxc5 45. Ra4 b6 0-1

[Event "XXIII Miedzynarodowy Festiwal Szachowy C"]
[Site "Krakow, Hotel Galaxy  ul. Gesi"]
[Date "2013.01.04"]
[Round "9.15"]
[White "Sleczka, Bartosz"]
[Black "Rzeznik, Lukasz"]
[Result "0-1"]
[WhiteElo "1920"]
[BlackElo "1989"]
[PlyCount "106"]
[EventDate "2013.??.??"]

1. e4 c5 2. Nf3 e6 3. d4 cxd4 4. Nxd4 Nf6 5. Bd3 Nc6 6. Nb3 d5 7. Nc3 Bb4 8.
exd5 Nxd5 9. Bd2 Bxc3 10. bxc3 Qf6 11. O-O Nxc3 12. Qe1 Nd5 13. Qe4 Qe5 14. Qh4
Nf6 15. Rfe1 Qh5 16. Qg3 O-O 17. Bc3 Qg4 18. Qd6 Rd8 19. Qa3 b6 20. Bxf6 gxf6
21. Re4 Qh5 22. Qa4 Qd5 23. Rg4+ Kh8 24. Qf4 f5 25. Qh6 Qe5 26. f4 Qb2 27. Re1
Ne7 28. Re5 Ng6 29. Rg3 Bb7 30. Rh3 Kg8 31. Qxh7+ Kf8 32. Qh6+ Ke7 33. Re1 Qf6
34. Qg5 Qxg5 35. fxg5 Nf4 36. Rg3 Nxd3 37. cxd3 Rac8 38. Re2 f4 39. Rh3 Rg8 40.
Rh4 f3 41. gxf3 Bxf3 42. Re5 Kd6 43. Rb5 f6 44. Nd4 Bd5 45. Rg4 Rc1+ 46. Kf2
fxg5 47. Rb2 Rh8 48. Nb5+ Ke5 49. Rxg5+ Kf6 50. Rxd5 Rxh2+ 51. Ke3 Rxb2 52. Rh5
Kg6 53. Re5 Re1+ 0-1

[Event "XXIII Miedzynarodowy Festiwal Szachowy C"]
[Site "Krakow, Hotel Galaxy  ul. Gesi"]
[Date "2013.01.04"]
[Round "9.16"]
[White "Wasik, Jozef"]
[Black "Bartoszewicz, Marcin"]
[Result "0-1"]
[WhiteElo "1844"]
[BlackElo "1937"]
[PlyCount "78"]
[EventDate "2013.??.??"]

1. d4 Nf6 2. c4 g6 3. Nc3 Bg7 4. e4 d6 5. f4 O-O 6. Nf3 c5 7. d5 e6 8. Be2 exd5
9. cxd5 Re8 10. Nd2 Na6 11. O-O Nc7 12. a4 a6 13. Qc2 Rb8 14. a5 b5 15. axb6
Rxb6 16. Nc4 Rb4 17. Bd2 Ng4 18. Nd1 Bd4+ 19. Kh1 Nxh2 20. Be3 Nxf1 21. Bxf1
Bxe3 22. Ndxe3 Qh4+ 23. Kg1 Qxf4 24. Bd3 Nb5 25. Rf1 Qh4 26. e5 dxe5 27. Nb6
Qd4 28. Qf2 f5 29. Nxc8 Rxc8 30. Bxf5 gxf5 31. Qxf5 Qxe3+ 32. Rf2 Rf4 33. Qxc8+
Kg7 34. Qd7+ Kg6 35. Qe8+ Kf5 36. Qh5+ Ke4 37. Qxh7+ Kxd5 38. Qb7+ Kc4 39. b3+
Kb4 0-1

[Event "XXIII Miedzynarodowy Festiwal Szachowy C"]
[Site "Krakow, Hotel Galaxy  ul. Gesi"]
[Date "2013.01.04"]
[Round "9.17"]
[White "Iivonen, Markku"]
[Black "Bandyk, Sebastian"]
[Result "0-1"]
[WhiteElo "2049"]
[BlackElo "1454"]
[PlyCount "72"]
[EventDate "2013.??.??"]

1. e4 c5 2. Nf3 e6 3. d4 cxd4 4. Nxd4 Nc6 5. g3 Nf6 6. Bg2 Bc5 7. Nb3 Be7 8. c4
O-O 9. O-O Qc7 10. Bf4 d6 11. Nc3 e5 12. Bg5 Be6 13. Bxf6 Bxf6 14. Nb5 Qb8 15.
Qe2 a6 16. Na3 Qa7 17. Rfd1 Rfd8 18. Rac1 Bg5 19. Rc2 Nb4 20. Rc3 Nxa2 21. Rcd3
Qb6 22. h4 Be7 23. Kh2 Rac8 24. Nd2 Nb4 25. Rb3 Qc5 26. Bh3 Rc7 27. Rf1 Nc6 28.
Rd3 Nd4 29. Qd1 Bxh3 30. Kxh3 Re8 31. f4 Qb6 32. Qb1 exf4 33. Nc2 Nxc2 34. Qxc2
fxg3 35. Qc3 Qc5 36. Rxg3 Qe5 0-1

[Event "XXIII Miedzynarodowy Festiwal Szachowy C"]
[Site "Krakow, Hotel Galaxy  ul. Gesi"]
[Date "2013.01.04"]
[Round "9.18"]
[White "Sliwicka, Alicja"]
[Black "Staroszczyk, Mateusz"]
[Result "0-1"]
[WhiteElo "1772"]
[BlackElo "2026"]
[PlyCount "100"]
[EventDate "2013.??.??"]

1. e4 c5 2. Nf3 e6 3. d4 cxd4 4. Nxd4 a6 5. Bd3 Bc5 6. Nb3 Ba7 7. Qg4 Nf6 8.
Qg3 d6 9. Na3 b5 10. O-O Nc6 11. Bd2 Bb7 12. Rad1 Ne5 13. Bg5 h6 14. Bxf6 Qxf6
15. c3 Rd8 16. Kh1 h5 17. f3 h4 18. Qe1 h3 19. g3 d5 20. Bb1 Nxf3 21. Qe2 dxe4
22. Rxd8+ Qxd8 23. Bxe4 Bxe4 24. Qxe4 Ng5 25. Qc6+ Qd7 26. Qxd7+ Kxd7 27. c4
bxc4 28. Nxc4 Rc8 29. Ne5+ Ke7 30. Na5 Rc2 31. Nac6+ Kd6 32. Rd1+ Kc7 33. Nxa7
f6 34. Ng4 Kb6 35. Ne3 Re2 36. Nc8+ Kc5 37. Nf1 Ne4 38. Rc1+ Kd4 39. Ne7 Rg2
40. Nc6+ Kd3 41. Nb4+ Ke2 42. Rc2+ Kxf1 43. Rc1+ Ke2 44. Rc2+ Nd2 45. Nxa6 Kd1
46. Nb4 Re2 47. Kg1 Nf3+ 48. Kf1 Nxh2+ 49. Kg1 Nf3+ 50. Kf1 h2 0-1

[Event "XXIII Miedzynarodowy Festiwal Szachowy C"]
[Site "Krakow, Hotel Galaxy  ul. Gesi"]
[Date "2013.01.04"]
[Round "9.20"]
[White "Jablonska, Sabina"]
[Black "Svanholm, Borge Waaktaar"]
[Result "1-0"]
[WhiteElo "1973"]
[BlackElo "1906"]
[PlyCount "49"]
[EventDate "2013.??.??"]

1. e4 c5 2. Nf3 d6 3. d4 cxd4 4. Nxd4 Nf6 5. Nc3 a6 6. Bg5 e6 7. f4 Be7 8. Qf3
Qc7 9. O-O-O Nbd7 10. Bd3 b5 11. Rhe1 Bb7 12. a3 Nc5 13. Kb1 O-O 14. Qg3 Nxd3
15. Rxd3 Rfc8 16. Qh4 Re8 17. Rh3 Rac8 18. e5 dxe5 19. fxe5 Bxg2 20. Rg3 Nd5
21. Bxe7 Rxe7 22. Rxg2 Nxc3+ 23. bxc3 Rd7 24. Rxg7+ Kxg7 25. Qf6+ 1-0

[Event "XXIII Miedzynarodowy Festiwal Szachowy C"]
[Site "Krakow, Hotel Galaxy  ul. Gesi"]
[Date "2013.01.04"]
[Round "9.21"]
[White "Drop, Szymon"]
[Black "Jajte-pachota, Jerzy"]
[Result "1/2-1/2"]
[WhiteElo "1803"]
[BlackElo "1923"]
[PlyCount "40"]
[EventDate "2013.??.??"]

1. e4 c6 2. d4 d5 3. Nd2 e6 4. e5 c5 5. c3 Nc6 6. Ndf3 cxd4 7. cxd4 Bb4+ 8. Bd2
Qb6 9. Bxb4 Qxb4+ 10. Qd2 Nge7 11. Bd3 Bd7 12. Ne2 Rc8 13. Rc1 Qxd2+ 14. Kxd2
O-O 15. Nc3 Na5 16. b3 Rc7 17. Nb5 Rxc1 18. Rxc1 Bxb5 19. Bxb5 Nac6 20. Bxc6
Nxc6 1/2-1/2

[Event "XXIII Miedzynarodowy Festiwal Szachowy C"]
[Site "Krakow, Hotel Galaxy  ul. Gesi"]
[Date "2013.01.04"]
[Round "9.22"]
[White "Marczuk, Anna"]
[Black "Markiewicz, Mateusz"]
[Result "0-1"]
[WhiteElo "1674"]
[BlackElo "2069"]
[PlyCount "116"]
[EventDate "2013.??.??"]

1. e4 c5 2. Nf3 Nf6 3. Nc3 d5 4. e5 Ne4 5. Bb5+ Bd7 6. Qe2 Nxc3 7. bxc3 e6 8.
O-O Bxb5 9. Qxb5+ Qd7 10. Qxd7+ Nxd7 11. Rb1 Rb8 12. d4 c4 13. Ng5 h6 14. Nh3
Nb6 15. f4 Na4 16. Bd2 g6 17. Nf2 b5 18. g4 h5 19. h3 hxg4 20. hxg4 Bh6 21. Kg2
a5 22. Rh1 Kd7 23. Nd1 Kc6 24. Kf3 Bg7 25. Ne3 b4 26. Rxh8 Rxh8 27. cxb4 c3 28.
Be1 Rb8 29. a3 Bf8 30. Nd1 axb4 31. axb4 Rxb4 32. Rxb4 Bxb4 33. f5 gxf5 34.
gxf5 Kb5 35. Ne3 Ba5 36. Ke2 Kb4 37. f6 Ka3 38. Ng4 Kb2 39. Kd3 Kc1 40. Nh6
Nb2+ 41. Ke2 Kxc2 42. Nxf7 Nd3 43. Ng5 Nxe1 44. Nxe6 Bb4 45. Nc5 Kb1 46. f7 c2
47. f8=Q c1=Q 48. Qf5+ Ka2 49. Qf2 Nc2 50. Kf3 Bxc5 51. dxc5 d4 52. e6 Qa3+ 53.
Kg4 Qxc5 54. Qe2 Ka1 55. Qa6+ Kb2 56. Qb7+ Kc3 57. Qf3+ Ne3+ 58. Kh4 Qe7+ 0-1

[Event "XXIII Miedzynarodowy Festiwal Szachowy C"]
[Site "Krakow, Hotel Galaxy  ul. Gesi"]
[Date "2013.01.04"]
[Round "9.23"]
[White "Rychlik, Bogdan"]
[Black "Lada, Ireneusz"]
[Result "0-1"]
[WhiteElo "1829"]
[BlackElo "2003"]
[PlyCount "54"]
[EventDate "2013.??.??"]

1. e4 c6 2. d4 d5 3. Nd2 dxe4 4. Nxe4 Nf6 5. Nxf6+ gxf6 6. Bf4 Bf5 7. c3 e6 8.
Nf3 Bd6 9. Qd2 Qc7 10. Bxd6 Qxd6 11. Nh4 Bg6 12. Bd3 Nd7 13. O-O-O O-O-O 14.
Bxg6 hxg6 15. Nf3 g5 16. h3 Rhg8 17. Kb1 g4 18. Ne1 gxh3 19. Rxh3 Rg7 20. g3 f5
21. Rh4 Rdg8 22. Nd3 Nf6 23. Ne5 Ne4 24. Qe2 f6 25. Nc4 Qd5 26. Ne3 Qd7 27.
Rdh1 b5 0-1

[Event "XXIII Miedzynarodowy Festiwal Szachowy C"]
[Site "Krakow, Hotel Galaxy  ul. Gesi"]
[Date "2013.01.04"]
[Round "9.24"]
[White "Mirski, Michal"]
[Black "Zaboklicki, Zbigniew"]
[Result "1-0"]
[WhiteElo "1918"]
[BlackElo "1835"]
[PlyCount "69"]
[EventDate "2013.??.??"]

1. e4 c5 2. Nf3 Nc6 3. d4 cxd4 4. Nxd4 Nf6 5. Nc3 e5 6. Nde2 Bc5 7. Ng3 Qb6 8.
Qe2 d6 9. h3 Be6 10. b3 Bb4 11. Bd2 Nd4 12. Qd3 Qa5 13. Nge2 O-O 14. Nxd4 exd4
15. Qxd4 Rac8 16. Nb5 Bxd2+ 17. Qxd2 Qxd2+ 18. Kxd2 Nxe4+ 19. Ke3 d5 20. Bd3 a6
21. Bxe4 dxe4 22. Nd4 Rfe8 23. c4 Bd7 24. Rac1 b6 25. Rhd1 Re7 26. Ne2 g5 27.
Rd6 Rc6 28. Rcd1 Be8 29. Rxc6 Bxc6 30. Rd6 Re6 31. Rxe6 fxe6 32. Nd4 Bd7 33.
Kxe4 Kf7 34. Ke5 Ke7 35. a3 1-0

[Event "XXIII Miedzynarodowy Festiwal Szachowy C"]
[Site "Krakow, Hotel Galaxy  ul. Gesi"]
[Date "2013.01.04"]
[Round "9.25"]
[White "Janik, Andrzej"]
[Black "Ziolkowski, Boleslaw"]
[Result "1-0"]
[WhiteElo "1877"]
[BlackElo "1749"]
[PlyCount "87"]
[EventDate "2013.??.??"]

1. d4 d5 2. Nf3 Nf6 3. Bg5 e6 4. e3 c6 5. Bd3 Nbd7 6. O-O Be7 7. Nbd2 h6 8. Bh4
O-O 9. e4 dxe4 10. Nxe4 Nxe4 11. Bxe7 Qxe7 12. Bxe4 Nf6 13. Bd3 c5 14. Qe2 cxd4
15. Nxd4 Qc5 16. Nb3 Qc7 17. Nd2 b6 18. Ne4 Nxe4 19. Qxe4 Rd8 20. Qh7+ Kf8 21.
Qh8+ Ke7 22. Qxg7 Qf4 23. Qg3 Qxg3 24. hxg3 Bb7 25. f3 Rg8 26. Kf2 Kf6 27. Rh1
Kg7 28. Rh4 Bd5 29. Rg4+ Kf6 30. Rxg8 Rxg8 31. Rh1 Kg7 32. Ke3 Rd8 33. c4 Bc6
34. Rh4 e5 35. b4 Rd6 36. Rh1 Kf8 37. Rh5 Re6 38. Be4 Kg7 39. Bd5 Bxd5 40. cxd5
Re7 41. Ke4 f6 42. d6 Rd7 43. Kd5 Kg6 44. g4 1-0

[Event "XXIII Miedzynarodowy Festiwal Szachowy C"]
[Site "Krakow, Hotel Galaxy  ul. Gesi"]
[Date "2013.01.04"]
[Round "9.28"]
[White "Lis, Mateusz"]
[Black "Ociepka, Tomasz"]
[Result "0-1"]
[WhiteElo "1681"]
[BlackElo "1852"]
[PlyCount "94"]
[EventDate "2013.??.??"]

1. e4 c5 2. Nf3 e6 3. d4 cxd4 4. Nxd4 Nf6 5. Nc3 d6 6. Be2 a6 7. a4 Be7 8. O-O
O-O 9. Be3 b6 10. f3 Bb7 11. Qe1 Qc7 12. Qf2 Nbd7 13. Nb3 Rfd8 14. Rfd1 Rac8
15. Rac1 Rf8 16. Qf1 Ra8 17. Na2 Nc5 18. Nxc5 bxc5 19. c4 Bc6 20. Nc3 Rab8 21.
Rd2 Rb4 22. Bd1 Rfb8 23. Qe2 Nd7 24. b3 Ne5 25. f4 Nd7 26. Bf2 Rd8 27. Bc2 Bf6
28. Nd1 Ba8 29. Be3 g6 30. Nf2 Nb8 31. Ng4 Bc3 32. Rd3 Bg7 33. Bd2 Rb7 34. Bc3
Bxc3 35. Rxc3 Nc6 36. Qf2 Nd4 37. Rd3 Qe7 38. Rxd4 cxd4 39. Qxd4 e5 40. Qc3 f6
41. f5 gxf5 42. Nh6+ Kh8 43. Nxf5 Qe6 44. Qa5 Rbb8 45. Qxa6 Qc8 46. Qa7 Qc5+
47. Qxc5 dxc5 0-1